| 000 | 00590nam a2200229Ia 4500 | ||
|---|---|---|---|
| 005 | 20250425162457.0 | ||
| 008 | 250425s9999 xx 000 0 und d | ||
| 020 | _a0321532058 | ||
| 041 | _aeng | ||
| 043 | _axxu | ||
| 082 | _a005.117 | ||
| 100 | _aLEWIS, JOHN | ||
| 245 | 0 | _aJAVA SOFTWARE SOLUTIONS: FOUNDATIONS OF PROGRAM DESIGN | |
| 250 | _a6TH ED. | ||
| 260 | _aBOSTON | ||
| 260 |
_aEstados Unidos _bPEARSON EDUCATION _c2009 |
||
| 300 | _a804 | ||
| 650 | _aJAVA (LENGUAJE DE PROGRAMACION) | ||
| 650 | _aPROGRAMACION ORIENTADA A OBJETOS | ||
| 942 | _c01 | ||
| 010 | _a76635 | ||
| 999 |
_c230044 _d230044 |
||